Frühere Hauptstädte Deutschlands - Statistiken

Allgemein
  • Dieses Quiz wurde 431 mal gespielt
  • Das Durchschnittsergebnis liegt bei 4 aus 8
Antwortstatistiken
Zeitraum Nation Status Stadt % Korrekt
1815–1866 Deutscher Bund Hauptstadt Berlin
98%
1949–1990 Bundesrepublik Deutschland Bundeshauptstadt Bonn
97%
1562–1806 Heiliges Römisches Reich Wahl- und Krönungsort Frankfurt am Main
73%
1949–1990 Deutsche Demokratische Republik Hauptstadt Ost-Berlin
69%
1497–1806 Heiliges Römisches Reich Sitz des Reichshofrats Wien
36%
800–1562 Heiliges Römisches Reich Krönungsort Rom
23%
1594–1806 Heiliges Römisches Reich Sitz des Reichstags Regensburg
19%
1689–1806 Heiliges Römisches Reich Sitz des Reichskammergerichts Wetzlar
6%
Keine übereinstimmenden Quizze gefunden
Verteilung der Resultate
Anzahl Personen mit jedem Resultat
Perzentil nach korrekt beantworteten Fragen
Ihre Resultats-Entwicklung
Sie haben dieses Quiz noch nicht gespielt